000 00489nam a2200157Ia 4500
008 210210b2000 xxu||||| |||| 00| 0 eng d
020 _a0 19 963632
082 _a574.88 HERP
100 _aHERRINGTON (C Simon) and O'LEARY (John J).
245 _aPCR 3 in situ hybridization a practical approach.
260 _aNew York.
_bIRL Press
_c2000
300 _axiii,204
650 _aPCR situ hybridization ISH Crlular localization DNA RNA
690 _aMolecular Biolog
906 _aSG0389
999 _c114822
_d114822